The Jewels in China's Crown / (Record no. 532486)

000 -LEADER
fixed length control field 00312nam a22001337a 4500
003 - CONTROL NUMBER IDENTIFIER
control field NUST
020 ## - INTERNATIONAL STANDARD BOOK NUMBER
International Standard Book Number 9787119112664
Qualifying information H/B.
038 ## - RECORD CONTENT LICENSOR
Staff Name waseem
082 ## - DEWEY DECIMAL CLASSIFICATION NUMBER
Classification number 739
Author Mark JEW
245 ## - TITLE STATEMENT
Title The Jewels in China's Crown /
260 ## - PUBLICATION, DISTRIBUTION, ETC.
Place of publication, distribution, etc. Beijing :
Name of publisher, distributor, etc. Foreign Languages press,
Date of publication, distribution, etc. 2018.
300 ## - PHYSICAL DESCRIPTION
Extent 141 p. ;
942 ## - ADDED ENTRY ELEMENTS (KOHA)
Source of classification or shelving scheme
Koha item type Book
Holdings
Withdrawn status Lost status Source of classification or shelving scheme Damaged status Not for loan Permanent Location Current Location Shelving location Date acquired Source of acquisition Total Checkouts Full call number Barcode Date last seen Price effective from Koha item type
          Central Library (CL) Central Library (CL) Chinese Studies 11/21/2019 Donation   739 JEW CL-D-782 11/21/2019 11/21/2019 Book
© 2023 Central Library, National University of Sciences and Technology. All Rights Reserved.